| 000 | 00519nam a2200205 a 4500 | ||
|---|---|---|---|
| 001 | BRCA_3569 | ||
| 005 | 20190320204333.0 | ||
| 008 | 040809s1962----nyu#---###---#000-0#eng-# | ||
| 041 | _aeng | ||
| 044 | _anyu | ||
| 050 | 4 |
_aPZ3 _p.C69 1962 |
|
| 100 | 1 |
_aCoxe, George Harmon _99268 |
|
| 245 | 1 | 0 |
_aThe man who died too soon _cGeorge Harmon Coxe. |
| 260 |
_aNueva York _bAlfred A. Knopf _c1962 |
||
| 300 |
_a182 p. _c22 cm. |
||
| 500 | _aB237 | ||
| 650 | 1 | 4 |
_aNovelas policĂacas _9877 |
| 902 | _aGFM | ||
| 942 |
_2lcc _cB |
||
| 999 |
_c3304 _d3304 |
||